An introduction to geotechnical engineering / (Record no. 998)

000 -LEADER
fixed length control field 00413 a2200133 4500
020 ## - INTERNATIONAL STANDARD BOOK NUMBER
International Standard Book Number 0133539121 :
020 ## - INTERNATIONAL STANDARD BOOK NUMBER
International Standard Book Number 0134843940
082 ## - DEWEY DECIMAL CLASSIFICATION NUMBER
Classification number 624.1513 HOL
100 ## - MAIN ENTRY--PERSONAL NAME
Personal name Holtz, R. D.
245 ## - TITLE STATEMENT
Title An introduction to geotechnical engineering /
Statement of responsibility, etc. Robert D. Holtz, William D. Kovacs.
260 ## - PUBLICATION, DISTRIBUTION, ETC.
Place of publication, distribution, etc. Englewood Cliffs, N.J. :
Name of publisher, distributor, etc. Prentice-Hall,
Date of publication, distribution, etc. 1981.
300 ## - PHYSICAL DESCRIPTION
Extent xiv, 733 p. :
Other physical details ill. ;
Dimensions 24 cm.
650 ## - SUBJECT ADDED ENTRY--TOPICAL TERM
Topical term or geographic name entry element Soil mechanics.
650 ## - SUBJECT ADDED ENTRY--TOPICAL TERM
Topical term or geographic name entry element Rock mechanics.
Holdings
Withdrawn status Lost status Damaged status Not for loan Permanent Location Current Location Shelving location Date acquired Total Checkouts Full call number Barcode Date last seen Price effective from Koha item type Date last checked out Source of classification or shelving scheme
        Central Library (CL) Central Library (CL)   01/05/2017   624.1513 HOL NIT-249 10/15/2020 01/05/2017 Book    
        School of Civil and Environmental Engineering (SCEE) School of Civil and Environmental Engineering (SCEE)       624.1513 HOL NIT-909 01/05/2017 01/05/2017 Book    
        School of Civil and Environmental Engineering (SCEE) School of Civil and Environmental Engineering (SCEE)     3   NIT-912 01/10/2023 01/05/2017 Book 09/28/2022  
© 2023 Central Library, National University of Sciences and Technology. All Rights Reserved.